| 000 | 01337nam0a2200349 4500 | ||
|---|---|---|---|
| 001 | RU\NLR\bibl\1222762 | ||
| 005 | 20260405063958.0 | ||
| 010 |
_a978-5-89846-659-6 _91000 |
||
| 021 |
_aRU _b2008-18530 _91013 |
||
| 035 | _a(NLR Aleph) 001209098 | ||
| 090 |
_a66672 _c66672 |
||
| 100 | _a20080506d2007 |||y0rusy50 ca | ||
| 101 | 0 |
_arus _akom _apem |
|
| 102 | _aRU | ||
| 105 | _aa ||||||||| | ||
| 200 | 1 |
_aВидза олан! _e(самоучитель коми языка) _fЕ. А. Цыпанов |
|
| 210 |
_aХанты-Мансийск _cПолиграфист _d2007 |
||
| 215 |
_a330, [1] с. _cил., цв. ил. _d22 |
||
| 300 | _aНа обл. авт. не указан | ||
| 320 | _aКоми-рус. указ. слов, русско-коми указ. слов: с. 265-321 | ||
| 606 | 1 |
_aКоми языки _jУчебные издания для самообразования _91362676 _3RU\NLR\auth\66570242 |
|
| 686 | _aШ166.42-93рус8 | ||
| 700 | 1 |
_4070 _8rus _7ca _aЦыпанов _bЕ. А. _f1960- _gЕвгений Александрович _3RU\NLR\auth\7722301 _95360 |
|
| 801 | 0 |
_aRU _bNLR _c20080506 _gRCR |
|
| 801 | 1 |
_aRU _bNLR _c20080506 |
|
| 830 | _aавт. по кн. | ||
| 852 |
_aNLR _bОНЛ _jКоми-з./3-2568 |
||
| 942 | _cBOOK | ||
| 980 | _aNB | ||
| 980 | _aNBR | ||